LEADER 04077oam 2200733 450 001 9910711817003321 005 20210115111856.0 035 $a(CKB)5470000002487915 035 $a(OCoLC)981530867 035 $a(EXLCZ)995470000002487915 100 $a20170405d2016 ua 0 101 0 $aeng 135 $aurcn||||||||| 181 $ctxt$2rdacontent 182 $cc$2rdamedia 183 $acr$2rdacarrier 200 10$aInsect community responses to climate and weather across elevation gradients in the Sagebrush Steppe, eastern Oregon /$fby David S. Pilliod and Ashley T. Rohde 210 1$aReston, Virginia :$cU.S. Department of the Interior, U.S. Geological Survey,$d2016. 215 $a1 online resource (vi, 50 pages) $ccolor illustrations, color maps 225 1 $aOpen-file report ;$v2016-1183 300 $a"Prepared in cooperation with the Bureau of Land Management under Interagency Agreement L10PG00804 for the project: Forecasting Insect Community Responses to Changes in Land Management and Climate in Upper Basin Sagebrush Steppe." 320 $aIncludes bibliographical references (pages 47-50). 327 $aExecutive summary -- Introduction -- Methods -- Study design and sampling methods -- Section I. assessment of sampling design -- Section II. insect community composition -- Section III. insect phenology -- Management implications and future directions -- References cited. 330 $aIn this study, the U.S. Geological Survey investigated the use of insects as bioindicators of climate change in sagebrush steppe shrublands and grasslands in the Upper Columbia Basin. The research was conducted in the Stinkingwater and Pueblo mountain ranges in eastern Oregon on lands administered by the Bureau of Land Management. We used a "space-for-time" sampling design that related insect communities to climate and weather along elevation gradients. Overall, our interpretation of these patterns is that insect communities respond positively and negatively to weather and local vegetation more than to long-term climate. Given increasing variability in weather and high probability of extreme weather events, insect communities in sagebrush steppe also may experience considerable fluctuations in composition and abundance, as well as phenology. These findings have implications for many ecosystem services, including pollination, decomposition, and food resources for predatory birds and other vertebrates. 606 $aSagebrush steppe ecology$zOregon 606 $aInsect populations$zOregon 606 $aInsect-plant relationships$zOregon 606 $aInsects$xClimatic factors$zOregon 606 $aInsects$xEffect of altitude on$zOregon 606 $aPublic lands$zOregon$xManagement 606 $aSagebrush steppe ecology$2fast 606 $aInsect populations$2fast 606 $aInsect-plant relationships$2fast 606 $aInsects$xEffect of altitude on$2fast 606 $aClimatic changes$2fast 606 $aPublic lands$xManagement$2fast 607 $aEastern Oregon$2fast 615 0$aSagebrush steppe ecology 615 0$aInsect populations 615 0$aInsect-plant relationships 615 0$aInsects$xClimatic factors 615 0$aInsects$xEffect of altitude on 615 0$aPublic lands$xManagement. 615 7$aSagebrush steppe ecology. 615 7$aInsect populations. 615 7$aInsect-plant relationships. 615 7$aInsects$xEffect of altitude on. 615 7$aClimatic changes. 615 7$aPublic lands$xManagement. 700 $aPilliod$b David S.$01396487 702 $aRohde$b Ashley T. 712 02$aGeological Survey (U.S.), 712 02$aUnited States.$bBureau of Land Management. 801 0$bUDD 801 1$bUDD 801 2$bOCLCQ 801 2$bOCLCA 801 2$bCOP 801 2$bOCL 801 2$bGPO 906 $aBOOK 912 $a9910711817003321 996 $aInsect community responses to climate and weather across elevation gradients in the Sagebrush Steppe, eastern Oregon$93456682 997 $aUNINA LEADER 04658nam 22008655 450 001 9910648572003321 005 20240912145032.0 010 $a9783839463536 010 $a383946353X 024 7 $a10.1515/9783839463536 035 $a(CKB)5580000000512179 035 $a(DE-B1597)627779 035 $a(DE-B1597)9783839463536 035 $a(OCoLC)1371573463 035 $a(MiAaPQ)EBC7192643 035 $a(ScCtBLL)3332631d-1bbc-46de-b5e8-279fd774ff52 035 $a(Perlego)3740959 035 $a(EXLCZ)995580000000512179 100 $a20230228h20232023 fg 101 0 $ager 135 $aur||||||||||| 181 $ctxt$2rdacontent 182 $cc$2rdamedia 183 $acr$2rdacarrier 200 00$aBrüchige Ehen $eAlternative Konzeptualisierungen partnerschaftlicher Sozialität in der Romania um 1900 /$fhrsg. von Christina Wieder, Teresa Hiergeist 210 1$aBielefeld : $ctranscript Verlag, $d[2023] 210 4$d©2023 215 $a1 online resource (320 p.) 225 0 $aLettre 311 08$a9783837663532 311 08$a3837663531 327 $tFrontmatter -- $tInhalt -- $tBrüchige Ehen -- $tPassion und Institutionalisierung -- $t»Les bras le plus tendrement fermés sur vous sont encore une chaîne.« -- $tLiebe(smarkt) jenseits der Ehe -- $tUnamunos Bienengleichnis -- $t»Paris était là.« -- $t»Dans les rues calmes, sans horizon, uni par l'habitude.« -- $tZur Verortung des weiblichen Begehrens -- $tRepartir la risa -- $tEl agua más espeso que la sangre -- $tUnmoralische Treue, moralische Untreue? -- $tKeine Ehe ist auch (k)eine Lösung -- $tDer italienische Eheroman zwischen Parodie, Zensur und Dialog -- $tPost-Romantische Ehe und die »Erziehung« der Frau -- $tAlternativ(los)e Ehen -- $tDie Krise der Ehe im entre-deux-guerres -- $tAutor*innenverzeichnis 330 $aDie Ehe stellt das Sozialmodell der bürgerlichen Moderne par excellence dar. Mit der Integration von Liebe, Freundschaft und Sexualität schafft sie den Brückenschlag zwischen Privatheit und Öffentlichkeit. Doch so prädestiniert die Ehe hinsichtlich der Absorption der politischen, wirtschaftlichen und kulturellen Bedingungen und Bedürfnisse der bürgerlichen Moderne scheint, so sehr steht sie auch in der Kritik. Die Beiträger*innen nehmen diskursive Infragestellungen der Ehe in kulturellen Artefakten der Romania von 1870 bis 1930 in den Blick und analysieren sie aus kultur- und literaturwissenschaftlicher Perspektive. 606 $aLITERARY CRITICISM / European / French$2bisacsh 610 $aBourgeoisie. 610 $aCultural Studies. 610 $aCulture. 610 $aFamily. 610 $aFrench Literature. 610 $aFriendship. 610 $aItalian Literature. 610 $aLiterary Studies. 610 $aLiterature. 610 $aLove. 610 $aMarriage. 610 $aModernity. 610 $aRomance Studies. 610 $aSexuality. 610 $aSocial Relations. 610 $aSociety. 615 7$aLITERARY CRITICISM / European / French. 676 $a306.81 702 $aDada?$b ?irin, $4ctb$4https://id.loc.gov/vocabulary/relators/ctb 702 $aDonnarieix$b Anne-Sophie, $4ctb$4https://id.loc.gov/vocabulary/relators/ctb 702 $aExner$b Isabel, $4ctb$4https://id.loc.gov/vocabulary/relators/ctb 702 $aHarst$b Joachim, $4ctb$4https://id.loc.gov/vocabulary/relators/ctb 702 $aHiergeist$b Teresa, $4ctb$4https://id.loc.gov/vocabulary/relators/ctb 702 $aHiergeist$b Teresa, $4edt$4http://id.loc.gov/vocabulary/relators/edt 702 $aHülk$b Walburga, $4ctb$4https://id.loc.gov/vocabulary/relators/ctb 702 $aKern$b Matthias, $4ctb$4https://id.loc.gov/vocabulary/relators/ctb 702 $aLoy$b Benjamin, $4ctb$4https://id.loc.gov/vocabulary/relators/ctb 702 $aRieger$b Rita, $4ctb$4https://id.loc.gov/vocabulary/relators/ctb 702 $aSchrader$b Sabine, $4ctb$4https://id.loc.gov/vocabulary/relators/ctb 702 $aSchuhen$b Gregor, $4ctb$4https://id.loc.gov/vocabulary/relators/ctb 702 $aStöferle$b Dagmar, $4ctb$4https://id.loc.gov/vocabulary/relators/ctb 702 $aWelge$b Jobst, $4ctb$4https://id.loc.gov/vocabulary/relators/ctb 702 $aWieder$b Christina, $4ctb$4https://id.loc.gov/vocabulary/relators/ctb 702 $aWieder$b Christina, $4edt$4http://id.loc.gov/vocabulary/relators/edt 702 $aWimmer$b Isabelle, $4ctb$4https://id.loc.gov/vocabulary/relators/ctb 801 0$bDE-B1597 801 1$bDE-B1597 906 $aBOOK 912 $a9910648572003321 996 $aBrüchige Ehen$93088796 997 $aUNINA LEADER 00987nas 2200349- 450 001 9910726289503321 005 20260218110050.0 035 $a(OCoLC)927144751 035 $a(CKB)3380000000000335 035 $a(CONSER)--2015207499 035 $a(DE-599)ZDB2846374-2 035 $a(DE-599)2846374-2 035 $a(EXLCZ)993380000000000335 100 $a20151029a20159999 s-- a 101 0 $aeng 135 $aur||||||||||| 181 $ctxt$2rdacontent 182 $cc$2rdamedia 183 $acr$2rdacarrier 200 00$aBiocatalysis 210 1$aWarsaw, Poland :$cDe Gruyter Open 300 $aRefereed/Peer-reviewed 311 08$a2353-1746 606 $aEnzymes$xBiotechnology$vPeriodicals 606 $aEnzymes$xBiotechnology$2fast$3(OCoLC)fst00913608 608 $aPeriodicals.$2fast 615 0$aEnzymes$xBiotechnology 615 7$aEnzymes$xBiotechnology. 906 $aJOURNAL 912 $a9910726289503321 996 $aBiocatalysis$9799668 997 $aUNINA